| 000 | 01032nam a2200253 a 4500 | ||
|---|---|---|---|
| 001 | ASIN393878038X | ||
| 003 | OSt | ||
| 005 | 20180116192413.0 | ||
| 008 | 130128s2007 xxu eng d | ||
| 020 |
_a393878038X (hardcover) _c$37.50 |
||
| 020 | _a9783938780381 (hardcover) | ||
| 040 | _c0 | ||
| 082 | _a729.1 | ||
| 100 | 1 |
_aBraun, Verlagshaus. _96197 |
|
| 245 | 1 | 0 |
_afacades: architectural details / _cVerlagshaus Braun. |
| 260 |
_a[S.l.] : _bVerlagshaus Braun, _c2008. |
||
| 300 |
_a160 p. ; _c25 cm. |
||
| 520 | _aFaades need to fulfill functional as well as aesthetical values: they have to provide an all-season protection against meteorological conditions, fit in its surrounding space but simultaneously present an own individuality and finally communicate the pure. | ||
| 650 |
_aArchitecture _xDetails _96198 |
||
| 650 |
_aDecoration and ornament, Architectural _96199 |
||
| 650 |
_aFacades _96200 |
||
| 856 | 4 | 0 |
_3Amazon.com _uhttp://www.amazon.com/exec/obidos/ASIN/393878038X/chopaconline-20 |
| 942 |
_2ddc _cBK |
||
| 999 |
_c353612 _d353612 |
||